[Event "Sachsen-Anhalt 30 Years op"]
[Site "Magdeburg"]
[Date "2020.10.23"]
[Round "4.13"]
[White "Schulemann, Gero"]
[Black "Brandt, Joachim"]
[Result "1-0"]
[WhiteElo "1828"]
[BlackElo "1823"]
[PlyCount "55"]
[EventDate "2020.10.22"]
[EventType "swiss"]
[EventRounds "7"]
[EventCountry "GER"]
[SourceTitle "EXT 2022"]
[Source "ChessBase"]
[SourceDate "2021.10.06"]
[SourceVersion "1"]
[SourceVersionDate "2021.10.06"]
[SourceQuality "1"]

1. e4 e6 2. d4 d5 3. Nd2 Nf6 4. e5 Nfd7 5. Bd3 c5 6. c3 cxd4 7. cxd4 Nc6 8. Ne2 Nb6 9. 0-0 Bd7 10. Nf3 Rc8 11. Ng3 h5 12. Bg5 Be7 13. h4 Nb4 14. Bb1 Qc7 15. Bxe7 Kxe7 16. Qd2 Qc4 17. Qg5+ Kf8 18. Nxh5 Rxh5 19. Qxh5 Qxf1+ 20. Kxf1 Rc1+ 21. Ne1 Bb5+ 22. Kg1 Rxe1+ 23. Kh2 Nc6 24. Qh8+ Ke7 25. Qxg7 Nd8 26. Bd3 Rxa1 27. Bxb5 Rxa2 28. Qf6+ 1-0

[Event "GER-chT School WK 3"]
[Site "Playchess.com INT"]
[Date "2020.06.15"]
[Round "5.1"]
[White "Ohler, Julius"]
[Black "Schulemann, Gero"]
[Result "1-0"]
[WhiteElo "1845"]
[BlackElo "1907"]
[PlyCount "163"]
[EventDate "2020.06.15"]
[EventType "team-swiss (blitz)"]
[EventRounds "5"]
[EventCountry "GER"]
[SourceTitle "EXT 2021"]
[Source "ChessBase"]
[SourceDate "2020.10.23"]
[SourceVersion "1"]
[SourceVersionDate "2020.10.23"]
[SourceQuality "1"]
[WhiteTeam "Trier MGP"]
[BlackTeam "Halle Cantor Gymn"]
[WhiteTeamCountry "GER"]
[BlackTeamCountry "GER"]

1. d4 Nf6 2. Bg5 Ne4 3. Bf4 c5 4. e3 Nc6 5. Nf3 e6 6. c3 b6 7. Bd3 Nf6 8. 0-0 Bb7 9. Nbd2 d5 10. Ne5 Be7 11. Bg3 0-0 12. f4 cxd4 13. exd4 Rc8 14. Ndf3 Nxe5 15. fxe5 Ne4 16. Re1 Nxg3 17. hxg3 h6 18. Bc2 Bg5 19. Qd3 g6 20. Rf1 Kg7 21. Nh2 Rc7 22. Ng4 Bc6 23. Nf6 b5 24. a3 a6 25. Rf3 b4 26. axb4 Bb5 27. Qd1 Ra7 28. Bd3 Bxd3 29. Qxd3 a5 30. bxa5 Rxa5 31. Rxa5 Qxa5 32. Ng4 Qa1+ 33. Rf1 Qxb2 34. Nf2 Qd2 35. Qxd2 Bxd2 36. Nd1 Rc8 37. Rf3 Ra8 38. Rd3 Ra2 39. Kf1 Rc2 40. g4 g5 41. Rf3 Rc1 42. Ke2 Bf4 43. Rd3 Rc2+ 44. Kf1 Rd2 45. Rxd2 Bxd2 46. Ke2 Bc1 47. Kf3 Kg6 48. Nf2 h5 49. gxh5+ Kxh5 50. g4+ Kh4 51. Nd1 Ba3 52. Ne3 Be7 53. c4 dxc4 54. Nxc4 Bb4 55. Nd6 Bc3 56. Ke4 Kxg4 57. Nxf7 Kh4 58. Nd8 g4 59. Nxe6 Bd2 60. d5 g3 61. Nd4 g2 62. Ne2 Kg4 63. d6 Bf4 64. Kd5 Kf3 65. Ng1+ Kf2 66. Nh3+ Kg3 67. Ng1 Kh2 68. Ne2 Kh3 69. e6 Kg4 70. e7 Kf3 71. e8Q Be3 72. Qh5+ Kf2 73. d7 g1Q 74. Nxg1 Kxg1 75. Qf3 Bb6 76. Qd1+ Kg2 77. Qc2+ Kh1 78. Qb1+ Bg1 79. d8Q Kg2 80. Qg5+ Kf3 81. Qgxg1 Kf4 82. Qe4# 1-0

[Event "Sachsen-Anhalt Verbandsliga 1920"]
[Site "Sachsen Anhalt"]
[Date "2019.12.08"]
[Round "4.3"]
[White "Bader, Philipp"]
[Black "Schulemann, Gero"]
[Result "1-0"]
[WhiteElo "1984"]
[BlackElo "1799"]
[PlyCount "63"]
[EventDate "2019.09.29"]
[EventType "team-tourn"]
[EventRounds "9"]
[EventCountry "GER"]
[SourceTitle "EXT 2023"]
[Source "ChessBase"]
[SourceDate "2022.10.05"]
[SourceVersion "1"]
[SourceVersionDate "2022.10.05"]
[SourceQuality "1"]
[WhiteTeam "Coethen Germania"]
[BlackTeam "Halle USV II"]
[WhiteTeamCountry "GER"]
[BlackTeamCountry "GER"]

1. d4 Nf6 2. Nf3 c5 3. c4 e6 4. Nc3 b6 5. e4 cxd4 6. Nxd4 Bb7 7. e5 Ne4 8. Nxe4 Bxe4 9. Nb5 Nc6 10. Qe2 Bg6 11. Be3 Nb4 12. Rd1 Nxa2 13. Nd6+ Bxd6 14. exd6 Nb4 15. Rd2 b5 16. f3 Rc8 17. c5 a6 18. Bd4 0-0 19. h4 e5 20. Bc3 Nc6 21. b4 e4 22. f4 e3 23. Rd5 Be4 24. Rg5 f6 25. Rg3 a5 26. Qxb5 axb4 27. Qc4+ Kh8 28. Bb2 Re8 29. Qf7 Bg6 30. Rxg6 hxg6 31. h5 g5 32. h6 1-0

[Event "GER-ch U12"]
[Site "Willingen"]
[Date "2018.05.25"]
[Round "10"]
[White "Schulemann, Gero"]
[Black "Huo, Da"]
[Result "1/2-1/2"]
[WhiteElo "1637"]
[BlackElo "1790"]
[PlyCount "51"]
[EventDate "2018.05.19"]
[EventType "swiss"]
[EventRounds "11"]
[EventCountry "GER"]
[SourceTitle "CBM 184 Extra"]
[Source "ChessBase"]
[SourceDate "2018.06.28"]
[SourceVersion "1"]
[SourceVersionDate "2018.06.28"]
[SourceQuality "1"]

1. e4 e5 2. Nf3 Nc6 3. Bc4 Bc5 4. c3 Nf6 5. d3 d6 6. a4 a6 7. Na3 Ba7 8. Nc2 h6 9. Be3 Bg4 10. Bxa7 Nxa7 11. Ne3 Qd7 12. b4 Be6 13. Bxe6 fxe6 14. Qb1 0-0 15. 0-0 Nh5 16. d4 exd4 17. Nxd4 Nc6 18. Nxc6 Qxc6 19. c4 Qe8 20. f3 Qg6 21. Kh1 Qg5 22. Qe1 Nf4 23. Rd1 Rae8 24. Rd2 Qe7 25. b5 axb5 26. axb5 1/2-1/2

[Event "GER-chT U10"]
[Site "Magdeburg"]
[Date "2015.12.29"]
[Round "6.2"]
[White "Schulemann, Gero"]
[Black "Fuchs, Thomas1111"]
[Result "0-1"]
[WhiteElo "1007"]
[BlackElo "948"]
[PlyCount "115"]
[EventDate "2015.12.27"]
[EventType "team-swiss"]
[EventRounds "7"]
[EventCountry "GER"]
[SourceTitle "EXT 2017"]
[Source "ChessBase"]
[SourceDate "2016.10.25"]
[SourceVersion "1"]
[SourceVersionDate "2016.10.25"]
[SourceQuality "1"]
[WhiteTeam "Halle Volksbank"]
[BlackTeam "Stade"]
[WhiteTeamCountry "GER"]
[BlackTeamCountry "GER"]

1. e4 c5 2. Bc4 d6 3. Nf3 Nf6 4. e5 dxe5 5. Nxe5 e6 6. d3 Bd6 7. Nf3 0-0 8. Nc3 Bd7 9. Bg5 Bc6 10. Qd2 Nbd7 11. 0-0-0 Qc7 12. Kb1 a6 13. Rhe1 b5 14. Bb3 a5 15. a3 b4 16. Na2 a4 17. Bc4 bxa3 18. bxa3 Rab8+ 19. Ka1 Qb7 20. Rb1 Qc7 21. Rxb8 Rxb8 22. Rb1 Be5+ 23. c3 Rxb1+ 24. Kxb1 Bxf3 25. gxf3 Nb6 26. Bb5 Qd6 27. f4 Ne4 28. Qe3 Nxg5 29. fxg5 g6 30. h4 Nd5 31. Qc1 Qb6 32. c4 Nc7 33. Nc3 Nxb5 34. Nxb5 f6 35. f4 Bd4 36. gxf6 Bxf6 37. Qh1 Qd8 38. Qe4 Qd7 39. h5 gxh5 40. Kc2 h4 41. Qh1 Qg7 42. Nd6 Qg4 43. Ne8 Kf7 44. Nd6+ Kg6 45. Qe4+ Kg7 46. Ne8+ Kf7 47. Nd6+ Kg8 48. Ne8 Be7 49. Qb7 Kf8 50. Qc8 Kf7 51. Kd2 Qxf4+ 52. Ke2 Qg4+ 53. Kf1 h3 54. Qc6 h2 55. Qh1 Qh3+ 56. Ke2 Kxe8 57. Kf2 Bh4+ 58. Ke2 0-1

[Event "GER-chT U10"]
[Site "Magdeburg"]
[Date "2015.12.28"]
[Round "4.2"]
[White "Schulemann, Gero"]
[Black "Melzig, Rodrigo"]
[Result "1-0"]
[WhiteElo "1007"]
[BlackElo "984"]
[PlyCount "81"]
[EventDate "2015.12.27"]
[EventType "team-swiss"]
[EventRounds "7"]
[EventCountry "GER"]
[SourceTitle "EXT 2017"]
[Source "ChessBase"]
[SourceDate "2016.10.25"]
[SourceVersion "1"]
[SourceVersionDate "2016.10.25"]
[SourceQuality "1"]
[WhiteTeam "Halle Volksbank"]
[BlackTeam "Biberach"]
[WhiteTeamCountry "GER"]
[BlackTeamCountry "GER"]

1. e4 e5 2. Nf3 Nc6 3. Bc4 Bc5 4. Nc3 d6 5. d3 Bg4 6. h3 Bh5 7. Bd2 Nd4 8. g4 Bg6 9. Nxd4 Bxd4 10. Qf3 Qf6 11. Qxf6 gxf6 12. h4 h5 13. f3 0-0-0 14. 0-0-0 Nh6 15. g5 fxg5 16. hxg5 Ng8 17. Nb5 Kb8 18. Nxd4 exd4 19. f4 h4 20. f5 Bh5 21. Rdg1 h3 22. Rxh3 Ne7 23. Rgh1 d5 24. Bb3 dxe4 25. dxe4 d3 26. cxd3 Rd4 27. Bc3 Rd6 28. Bxh8 Rc6+ 29. Bc3 Rd6 30. Rxh5 Rxd3 31. Rh8+ Nc8 32. Bxf7 Rf3 33. Bb4 a6 34. Be6 Rf4 35. Rxc8+ Ka7 36. Rhh8 Rf1+ 37. Kc2 Rf2+ 38. Kd3 Rf3+ 39. Kd4 c5+ 40. Bxc5+ b6 41. Rh7# 1-0